|
LDR
| 01994cam a2200517 i 4500 |
|---|
| 001 | 58218 |
|---|
| 003 | CZ-PrJAB |
|---|
| 005 | 20241031112249.0 |
|---|
| 008 | 241031s2024 xr ||| | cze |
|---|
| 020 | | . |
‡a978-80-262-2220-0
‡q(brožováno) |
|---|
| 035 | | . |
‡a(CZ PrSKC)016020006779678 |
|---|
| 040 | | . |
‡aULG001
‡bcze
‡erda |
|---|
| 041 | 1 | . |
‡acze
‡hger |
|---|
| 072 | | 7. |
‡a373.2/.3
‡xPředškolní a primární výchova a vzdělávání
‡2Konspekt
‡922 |
|---|
| 080 | | . |
‡a373.2
‡2MRF |
|---|
| 080 | | . |
‡a373.24
‡2MRF |
|---|
| 080 | | . |
‡a379.8:793/796
‡2MRF |
|---|
| 080 | | . |
‡a(072)
‡2MRF |
|---|
| 100 | 1 | . |
‡aSprenger, Kathrin
‡7xx0325009
‡4aut |
|---|
| 245 | 1 | 0. |
‡aPětiminutovky :
‡bhry na celý rok pro MŠ /
‡cKathrin Sprenger ; z německého originálu 5 Minuten Mitmachgeschichten für Frühling und Sommer a 5 Minuten Mitmachgeschichten für Herbst und Winter přeložila Jindra Hubková |
|---|
| 250 | | . |
‡aVydání první |
|---|
| 264 | | 1. |
‡aPraha :
‡bPortál,
‡c2024 |
|---|
| 300 | | . |
‡a134 stran ;
‡c23 cm |
|---|
| 336 | | . |
‡atext
‡btxt
‡2rdacontent |
|---|
| 337 | | . |
‡abez média
‡bn
‡2rdamedia |
|---|
| 338 | | . |
‡asvazek
‡bnc
‡2rdacarrier |
|---|
| 650 | 0 | 7. |
‡apředškolní výchova
‡7ph124887
‡2czenas |
|---|
| 650 | 0 | 7. |
‡amateřské školy
‡7ph122683
‡2czenas |
|---|
| 650 | 0 | 7. |
‡ahry
‡7ph114716
‡2czenas |
|---|
| 655 | | 7. |
‡ametodické příručky
‡7fd132826
‡2czenas |
|---|
| 700 | 1 | 2. |
‡aSprenger, Kathrin.
‡t5 Minuten Mitmachgeschichten für Frühling und Sommer.
‡lČesky |
|---|
| 700 | 1 | 2. |
‡aSprenger, Kathrin.
‡t5 Minuten Mitmachgeschichten für Herbst und Winter.
‡lČesky |
|---|
| 700 | 1 | . |
‡aHubková, Jindra,
‡d1959-
‡7kpwa2675
‡4trl |
|---|
| 910 | | . |
‡aABG312 |
|---|
| 995 | | . |
‡aska |
|---|
| 901 | | . |
‡a58218
‡bAUTOGEN
‡c58218
‡tbiblio |
|---|